[Event "Mecklenburg VP-ch U14"]
[Site "Malchow"]
[Date "2015.02.04"]
[Round "7.6"]
[White "Stadach, Pepe"]
[Black "Kunz, Nelli"]
[Result "1/2-1/2"]
[WhiteElo "1140"]
[BlackElo "693"]
[PlyCount "45"]
[EventDate "2015.01.31"]
[EventType "swiss"]
[EventRounds "7"]
[EventCountry "GER"]
[SourceTitle "EXT 2022"]
[Source "ChessBase"]
[SourceDate "2021.10.06"]
[SourceVersion "1"]
[SourceVersionDate "2021.10.06"]
[SourceQuality "1"]

1. e4 c5 2. c3 d6 3. d4 Nd7 4. Nf3 Ngf6 5. Be3 Nxe4 6. Bd3 Nef6 7. Nbd2 g6 8. Nb3 b6 9. 0-0 Bg7 10. Qd2 Ng4 11. h3 Nxe3 12. fxe3 0-0 13. Bc4 e6 14. e4 Bb7 15. Qe3 Rc8 16. Nfd2 Re8 17. Bb5 a6 18. Bxd7 Qxd7 19. e5 cxd4 20. Qxd4 Red8 21. Qxb6 Rc6 22. Qe3 Qc7 23. exd6 1/2-1/2